| 000 | 00792nam a22002177a 4500 | ||
|---|---|---|---|
| 003 | NALT | ||
| 005 | 20211207181753.0 | ||
| 008 | s2004 th eng d | ||
| 020 | _a9740452515 | ||
| 040 | _aNALT | ||
| 041 | _aeng | ||
| 050 |
_aRes HD69.S6 _bP32S 2004 |
||
| 100 | 0 | _aPrance Chawan | |
| 245 | 1 | 0 |
_aThe study of ERP implementation in SMEs in Thailand = การศึกษาการนำ ERP ไปใช้ในอุตสาหกรรมขนาดกลาง ขนาดย่อมในประเทศไทย / _cPrance Chawan |
| 260 | 3 |
_aBangkok : _bMahidol University, _c2004 |
|
| 300 |
_a267 p. : _btables ; _c30 cm. |
||
| 650 | 0 | 4 | _aBusiness planning -- Thailand |
| 650 | 0 | 4 | _aSmall business -- Management |
| 850 | _aNALT | ||
| 942 |
_cRSH _2lcc |
||
| 999 |
_c44296 _d44296 |
||
| 998 |
_j109 _k อารีรัตน์ วิชาช่าง |
||